000 00255nam a22001217a 4500
008 180517b xxu||||| |||| 00| 0 eng d
041 _aeng
080 _a043.3
100 _a0
101 _aMBE-BA
245 _aKodi i Etikes
_cAbazi, A
942 _2udc
_cBK
999 _c45925
_d45925